Islam gender justice : (Record no. 72789)
[ view plain ]
| 000 -LEADER | |
|---|---|
| fixed length control field | 00877nam a22002417a 4500 |
| 005 - DATE AND TIME OF LATEST TRANSACTION | |
| control field | 20140825113306.0 |
| 010 ## - LCCN (DPL NO) | |
| LC control number | ENG-106529 |
| 020 ## - INTERNATIONAL STANDARD BOOK NUMBER | |
| International Standard Book Number | 9788121211697 |
| Terms of availability | 900.00 |
| 035 ## - SYSTEM CONTROL NUMBER | |
| System control number | EN-90062 |
| 035 ## - SYSTEM CONTROL NUMBER | |
| System control number | B-529572 |
| 037 ## - SOURCE OF ACQUISITION | |
| Source of stock number/acquisition | DBAD/PUB |
| 037 ## - SOURCE OF ACQUISITION | |
| Source of stock number/acquisition | BBB/Ven |
| Stock number | dpl |
| 082 ## - DEWEY DECIMAL CLASSIFICATION NUMBER | |
| Classification number | 270.082 |
| 100 ## - MAIN ENTRY--PERSONAL NAME | |
| Personal name | Engineer Asghar Ali |
| 245 ## - TITLE STATEMENT | |
| Title | Islam gender justice : |
| Statement of responsibility, etc | by Asghar Ali Engineer |
| Remainder of title | Muslims gender discrimination / |
| 260 ## - PUBLICATION, DISTRIBUTION, ETC. (IMPRINT) | |
| Place of publication, distribution, etc | New Delhi |
| Name of publisher, distributor, etc | Gyan Publishing House |
| Date of publication, distribution, etc | 2013 |
| 270 ## - ADDRESS | |
| Address | 23 Main Ansari Road, Darya Ganj |
| City | New Delhi |
| Postal code | 110002 |
| Telephone number | 23282060,23261060 |
| Electronic mail address | books@gyanbooksl.com |
| Fax number | 011-23285914 |
| 300 ## - PHYSICAL DESCRIPTION | |
| Extent | 312p. |
| Dimensions | 20cm(Hb) |
| 500 ## - GENERAL NOTE | |
| General note | includes index |
| 650 ## - SUBJECT ADDED ENTRY--TOPICAL TERM | |
| Topical term or geographic name as entry element | Gender Justice |
| General subdivision | Muslim Gender discrimination |
| Geographic subdivision | Islam. |
| 942 ## - ADDED ENTRY ELEMENTS (KOHA) | |
| Source of classification or shelving scheme | Dewey Decimal Classification |
| Item type | English Books |
| Call number suffix | ENG |
| Classification part | 270.082 |
| Withdrawn status | Lost status | Not for loan | Collection code | Home library | Current library | Date acquired | Source of acquisition | Cost, normal purchase price | Full call number | Barcode | Copy number | Cost, replacement price | Koha item type |
|---|---|---|---|---|---|---|---|---|---|---|---|---|---|
| Non-fiction | Central Library | Central Library | 11/08/2014 | BBB/IN11449/7.11.2013/28/10.10.2013/3.12.2013 | 900.00 | 270.082 ASG | B-529572 | 1 | 900.00 | English Books | |||
| Non-fiction | D.B.Act.Division | D.B.Act.Division | 10/01/2013 | DBAD/PUB | 900.00 | 270.082 ASG | EN-90062 | 1 | 900.00 | English Books |
